Statistics for 10 Fastest NFL Combine, 40 Yard Dash Times

Click here to take the quiz!

General Stats

  • This quiz has been taken 132 times
  • The average score is 3 of 10

Answer Stats

HintAnswer% Correct
1. 2017: WR, Washington, 4.22John Ross
91%
2. 2008: RB, East Carolina, 4.24Chris Johnson
90%
3. 2014: RB, Kent State, 4.26Dri Archer
30%
4. 2013: WR, Texas, 4.27Marquise Goodwin
26%
5. 2015: WR, UAB, 4.28JJ Nelson
14%
7. 2010: WR, Clemson, 4.28Jacoby Ford
11%
8. 2011: CB, Miami, 4.28DeMarcus Van Dyke
4%
6. 2005: WR, Hampton, 4.28Jerome Mathis
3%
9. 2008: CB,Tennessee State, 4.29Dominique Rodgers-Cromartie
2%
10. 2010: WR, Louisiana State, 4.29Trindon Holliday
0%

Score Distribution

Percentile by Number Answered

Percent of People with Each Score

Your Score History

You have not taken this quiz